| 000 | 00383nam a22001457a 4500 | ||
|---|---|---|---|
| 005 | 20200706093935.0 | ||
| 008 | 200706b xxu||||| |||| 00| 0 eng d | ||
| 082 | _a345.4 AIR | ||
| 110 |
_aALL INDIA REPORTER _96280 |
||
| 245 | _aALL INDIA REPORTER 1982[ V-69] BOMBAY SECTION | ||
| 260 |
_aMUMBAI _bALL INIDA REPORTER _c1982 |
||
| 300 | _a608 p. | ||
| 650 |
_aLAW _95701 |
||
| 942 | _cJRL | ||
| 999 |
_c7396 _d7394 |
||